[Event "Graz op"]
[Site "Graz"]
[Date "1997.??.??"]
[Round "1"]
[White "Lerner, Konstantin Z"]
[Black "Galje, Hans"]
[Result "1-0"]
[WhiteElo "2560"]
[BlackElo "2095"]

1.Nf3 Nf6 2.c4 c5 3.Nc3 d5 4.cxd5 Nxd5 5.e3 e6 6.d4 cxd4 7.exd4 Bb4 8.Bd2 O-O
9.Bd3 Nc6 10.O-O Be7 11.Rc1 Ndb4 12.Bb1 Nxd4 13.Nxd4 Qxd4 14.Nb5 Qe5 15.Nc7 Bd6
16.g3 Nd5 17.Nxa8 Bd7 18.Qb3 b5 19.Rfe1 Qh5 20.Re4 h6 21.Rce1 Nf6 22.Qd3 Nxe4
23.Qxe4 f5 24.Qb7 Rf7 25.Bd3 f4 26.Bxf4 Bxf4 27.gxf4 Qg4+ 28.Qg2 Qxf4 29.Rd1 Qe5
30.Be4 Qxb2 31.f3 Qe5 32.Kh1 Qc5 33.Qg6 Kf8 34.Qg1 Qa3 35.Qg3 Ke7 36.Rxd7+ Kxd7
37.Qc7+ Ke8 38.Bc6+ Kf8 39.Qd8+  1-0

[Event "Groningen op"]
[Site "Groningen"]
[Date "1997.??.??"]
[Round "4"]
[White "Jaracz, Pawel"]
[Black "Ibragimov, Ildar"]
[Result "0-1"]
[WhiteElo "2445"]
[BlackElo "2585"]

1.c4 Nf6 2.Nc3 c5 3.Nf3 e6 4.e4 Nc6 5.Be2 e5 6.O-O d6 7.a3 g6 8.d3 Bg7 9.Ne1 O-O
10.Bg5 h6 11.Bxf6 Qxf6 12.Bg4 Be6 13.Nc2 h5 14.Bf3 Bh6 15.b4 Qd8 16.Rb1 b6
17.g3 h4 18.Bg4 Kh7 19.Bxe6 fxe6 20.Qg4 Qe7 21.Ne2 Rf7 22.b5 Nb8 23.f4 Nd7
24.f5 exf5 25.exf5 Rg8 26.fxg6+ Rxg6 27.Rxf7+ Qxf7 28.Qxh4 Qf3 29.Qe4 Qxe4
30.dxe4 Rg4 31.Nc3 Bd2 32.Rb3 Nf6 33.Kg2 Bxc3 34.Rxc3 Rxe4 35.Kf3 Kg6 36.h3 Kf5
37.Ne3+ Ke6 38.Rd3 Rd4 39.Rxd4 cxd4 40.Nd1 d5 41.cxd5+ Kxd5 42.g4 e4+ 43.Kf4 e3
44.Nxe3+ dxe3 45.Kxe3 Ke5 46.Kd3 Ne4 47.Kc4 Nf2 48.g5 Nxh3 49.g6 Kf6 50.Kd5 Nf4+
51.Kc6 Nd3 52.Kb7 Nc5+ 53.Kxa7 Na4 54.Kb7 Kxg6 55.Kc6 Kf5 56.Kd5 Kf4 57.Kc4 Ke4
58.Kb4 Nc5 59.a4 Nb7 60.Kc4 Na5+ 61.Kc3 Ke3  0-1

[Event "Groningen op"]
[Site "Groningen"]
[Date "1997.??.??"]
[Round "5"]
[White "Overeem, Marc"]
[Black "Roeder, Mathias"]
[Result "1/2-1/2"]
[WhiteElo "2305"]
[BlackElo "2435"]

1.c4 Nf6 2.Nc3 c5 3.Nf3 b6 4.e4 Bb7 5.e5 Ng8 6.d4 Bxf3 7.Qxf3 Nc6 8.d5 Nxe5
9.Qg3 d6 10.Bf4 Ng6 11.Bd2 Qd7 12.Be2 Nh6 13.Bxh6 gxh6 14.h4 Qf5 15.h5 Nf4
16.Bd1 Qg5 17.Qf3 Qxg2 18.Qxf4 Qxh1+ 19.Kd2 Kd8 20.Qxf7 b5 21.Nxb5 Qh4 22.Ba4 Qf6
23.Nxd6 Qxd6 24.Qe8+ Kc7 25.Qxa8 Qf4+ 26.Ke1 Qe4+ 27.Kd2 Qd4+ 28.Ke1 Qe4+
29.Kd2 Qd4+ 30.Ke1 Qe4+ 31.Kd2 Qd4+ 32.Ke1 Qe4+ 33.Kd2 Qd4+ 34.Ke1  1/2-1/2

[Event "Haarlem op"]
[Site "Haarlem"]
[Date "1997.??.??"]
[Round "2"]
[White "Ivanov, Mikhail M"]
[Black "Oei, Hway Ik"]
[Result "1-0"]
[WhiteElo "2500"]
[BlackElo "2200"]

1.Nf3 Nf6 2.c4 c5 3.Nc3 e6 4.g3 b6 5.e4 d6 6.d4 cxd4 7.Nxd4 Bb7 8.Bg2 a6
9.O-O Qc7 10.Be3 Nbd7 11.Rc1 Rc8 12.Re1 Qb8 13.Qe2 g6 14.f4 Bg7 15.Rcd1 O-O
16.e5 dxe5 17.fxe5 Nxe5 18.Bf4 Nfd7 19.Nxe6 Bxg2 20.Nxf8 Bf3 21.Nxd7 Bxe2
22.Nxb8 Nf3+ 23.Kf2 Bxd1 24.Rxd1 Nd4 25.Nd7 Rxc4 26.Nxb6 Rc6 27.Nbd5 Re6
28.Be3 Nf5 29.Bc5 h5 30.b4 Kh7 31.Ne2 Re4 32.Kf3 Re6 33.Nd4 Nxd4+ 34.Bxd4 Bxd4
35.Rxd4 Re8  1-0

[Event "Hafnarfjordur"]
[Site "Hafnarfjordur"]
[Date "1997.??.??"]
[Round "2"]
[White "Aagaard, Jacob"]
[Black "Kinsman, Andrew PH"]
[Result "1-0"]
[WhiteElo "2435"]
[BlackElo "2395"]

1.c4 Nf6 2.Nc3 c5 3.Nf3 e6 4.e4 Nc6 5.Be2 d5 6.cxd5 exd5 7.e5 Ne4 8.O-O Be7
9.Bb5 O-O 10.Bxc6 bxc6 11.Qa4 Nxc3 12.dxc3 Qb6 13.Be3 Qxb2 14.Qxc6 Qb7 15.Qxb7 Bxb7
16.Nd2 Rfd8 17.Nb3 Rac8 18.Rfd1 g5 19.Rd2 Kg7 20.Rb1 Ba8 21.Rf1 f5 22.exf6+ Kxf6
23.Re2 Bd6 24.Rfe1 h6 25.Bc1 Kf7 26.Re6 Bf8 27.Ra6 Rd7 28.Be3 Rdc7 29.f3 Bc6
30.Rd1 Bb5 31.Ra5 Bc4 32.Kf2 Bg7 33.Rxc5 Bxc3 34.Rxc7+ Rxc7 35.Rc1 Be5 36.Bd4 Bxb3
37.Rxc7+ Bxc7 38.axb3 a6 39.h3 Ke6 40.g4  1-0

[Event "Wichern op"]
[Site "Hamburg"]
[Date "1997.??.??"]
[Round "8"]
[White "Ftacnik, Lubomir"]
[Black "Lauber, Arnd"]
[Result "1/2-1/2"]
[WhiteElo "2585"]
[BlackElo "2325"]

1.c4 Nf6 2.Nf3 e6 3.Nc3 c5 4.g3 b6 5.Bg2 Bb7 6.O-O Be7 7.Re1 Ne4 8.Qc2 Nxc3
9.dxc3 d6 10.Bf4 Qc7 11.Rad1 Nd7 12.Qd2 Rd8 13.Bxd6 Bxd6 14.Qxd6 Qxd6 15.Rxd6 Bxf3
16.exf3 Ke7 17.Rc6 Rc8 18.f4 g6 19.Kf1 h5 20.h4 Nf6 21.Rc1 Rhd8 22.Ke2 Ne8
23.Rxc8 Rxc8 24.Be4 Nd6 25.Bd3 f5 26.b4 Rc7 27.a4 Kf6 28.Ke3 Ke7 29.Be2 Kf6
30.Bd3 Ke7 31.Ke2 Kf6 32.Rb1 Ke7 33.a5 bxa5 34.b5 Nc8 35.Ra1 Nb6 36.Rxa5 Rd7
37.Ke3 Kf6 38.Ra1 Ke7 39.f3 Kf6 40.Ra2 Rh7 41.Ra1 Rd7 42.g4 Rc7 43.Kd2 Rd7
44.Kc2 Rc7 45.Kb3 Rd7 46.Bc2 Rc7 47.Rd1 Ke7 48.Rg1 Kf6 49.gxh5 gxh5 50.Rg8 Rh7
51.Rb8 Kf7 52.Bd3 Kf6 53.Rd8 Ke7 54.Rg8 Kf7 55.Rg5 Kf6 56.Bc2 Rh8 57.Bb1 Rh7
58.Rg8 Kf7 59.Rg1 Kf6 60.Rg2 Rg7 61.Rg5 Rh7 62.Rg8 Kf7 63.Rb8 Kf6 64.Rf8+ Ke7
65.Rg8  1/2-1/2

[Event "Hanham op"]
[Site "Hanham"]
[Date "1997.??.??"]
[Round "3"]
[White "Lilley, Graham"]
[Black "Buckley, David"]
[Result "1-0"]
[WhiteElo "2235"]
[BlackElo "2115"]

1.c4 c5 2.Nc3 Nf6 3.Nf3 d5 4.cxd5 Nxd5 5.d4 Nxc3 6.bxc3 g6 7.e4 Bg7 8.Rb1 Qa5
9.Bd2 cxd4 10.cxd4 Qxa2 11.Qc1 O-O 12.Bc4 Qa4 13.Bb5 Qa2 14.d5 a6 15.Bc4 Qa4
16.O-O Qe8 17.Bb4 Nd7 18.Qa3 Bf6 19.e5 Nxe5 20.Nxe5 Bxe5 21.Bxe7 b5 22.Ba2 Bb7
23.Rfe1 f6 24.d6+ Kg7 25.Rbd1 Bc6 26.Qc5 Qd7 27.Rxe5 fxe5 28.Qxe5+ Kh6 29.Be6 Rf5
30.Qe3+  1-0

[Event "Heart of Finland op"]
[Site "?"]
[Date "1997.??.??"]
[Round "7"]
[White "Dambrauskas, Virginijus"]
[Black "Kiik, Kalle"]
[Result "1/2-1/2"]
[WhiteElo "2395"]
[BlackElo "2380"]

1.Nf3 c5 2.c4 Nf6 3.Nc3 b6 4.g3 Bb7 5.Bg2 e6 6.O-O a6 7.d4 cxd4 8.Qxd4 Bc5
9.Qf4 Be7 10.b3 O-O 11.Rd1 Ra7 12.Bb2  1/2-1/2

[Event "Rheinland op"]
[Site "Heimbach Weis"]
[Date "1997.??.??"]
[Round "3"]
[White "Stephan, Olaf"]
[Black "Weisbrod, Peter"]
[Result "1-0"]
[WhiteElo "1660"]
[BlackElo "1830"]

1.c4 c5 2.Nc3 e6 3.Nf3 Nf6 4.d4 cxd4 5.Nxd4 Bb4 6.Bd2 O-O 7.a3 Bxc3 8.Bxc3 Ne4
9.Nb5 d5 10.Be5 Nc6 11.Bf4 Qf6 12.Be3 Rd8 13.Qc2 Bd7 14.cxd5 exd5 15.Nc7 Bf5
16.Nxa8 Nxf2 17.Qa4 Qxb2 18.Kxf2 Qxa1 19.Nc7 Qf6 20.Qf4 d4 21.Bd2 Ne5 22.h3 Ng6
23.Qg5 Qd6 24.Qxf5 Qxc7 25.h4 Rd6 26.Kg1 Rf6 27.Qe4 Qd7 28.Rh3 Re6 29.Qf5 Ne5
30.h5 Nc4 31.Bf4 Qc6 32.Qg5 Rf6 33.h6 g6 34.e4 Qb6 35.Bxc4 d3+ 36.Be3 Qb1+
37.Kh2  1-0

[Event "HUN-chT2 9798"]
[Site "HUN"]
[Date "1997.??.??"]
[Round "?"]
[White "Bordas, Gyula"]
[Black "Konig, Balazs"]
[Result "0-1"]
[WhiteElo "2165"]
[BlackElo "2135"]

1.c4 Nf6 2.Nc3 c5 3.Nf3 g6 4.g3 Bg7 5.Bg2 O-O 6.O-O Nc6 7.d3 b6 8.h3 Bb7
9.e3 d5 10.cxd5 Nxd5 11.d4 Nxc3 12.bxc3 Qc7 13.Qe2 Rac8 14.Bd2 Rfd8 15.Rac1 Qd6
16.Rfd1 Qe6 17.Ng5 Qd7 18.d5 Na5 19.c4 Qa4 20.Bxa5 Qxa5 21.e4 h6 22.Nf3 b5
23.cxb5 c4 24.Nd4 Bxd4 25.Rxd4 Qxb5 26.Qe3 h5 27.Qc3 Qa4 28.e5 Qxa2 29.e6 fxe6
30.Qe1 Rd6 31.Qe4 exd5 32.Qxe7 Rf8 33.Rf1 Qa6 34.Qe5 c3 35.Rfd1 Qb6 36.Bxd5+ Bxd5
37.Qe3 c2 38.R1d3 Qb1+  0-1

[Event "HUN-chT2 9798"]
[Site "HUN"]
[Date "1997.??.??"]
[Round "?"]
[White "Kovacs, Gabor M"]
[Black "Honos, Attila"]
[Result "1/2-1/2"]
[WhiteElo "2285"]
[BlackElo "2340"]

1.Nf3 Nf6 2.c4 c5 3.Nc3 g6 4.g3 Bg7 5.Bg2 d5 6.cxd5 Nxd5 7.O-O O-O 8.Qb3 Nxc3
9.dxc3 Nc6 10.Be3 b6 11.Rfd1 Qe8 12.Qd5 Be6 13.Qe4 Bf5 14.Qh4 Rd8 15.Bh6 f6
16.Bxg7 Kxg7 17.Qa4 Na5 18.Qxe8 Rfxe8 19.b3 Bc2 20.Rdc1 Be4 21.Rd1 Nc6 22.Kf1 e5
23.Ke1 f5 24.Rxd8 Rxd8 25.Rd1 Rxd1+ 26.Kxd1 g5 27.Ne1 Bxg2 28.Nxg2 f4 29.Kd2 Kf6
30.h3 Ne7 31.e4 h5 32.g4 hxg4 33.hxg4 Ng6 34.f3 Ke6 35.Ne1 Nh4 36.Ke2 Kd6
37.Kd3 a6 38.a4 Kc6 39.c4 Ng6 40.Kc3 a5 41.Kd3 Nf8 42.Kc3 Ne6 43.Kb2 Nd4
44.Kc3  1/2-1/2

[Event "HUN-chT 9798"]
[Site "Hungary"]
[Date "1997.??.??"]
[Round "?"]
[White "Pejko, Otomar"]
[Black "Fusthy, Zsolt"]
[Result "0-1"]
[WhiteElo "2250"]
[BlackElo "2325"]

1.Nf3 c5 2.c4 Nf6 3.Nc3 b6 4.g3 Bb7 5.Bg2 g6 6.O-O Bg7 7.d3 O-O 8.e4 d6 9.Nh4 Nc6
10.f4 Nd7 11.Be3 Nd4 12.Ne2 e6 13.Nxd4 cxd4 14.Bd2 Rc8 15.b4 Re8 16.Qb3 f5
17.exf5 Bxg2 18.Kxg2 gxf5 19.Rae1 Nf8 20.Nf3 d5 21.c5 bxc5 22.bxc5 Nd7 23.Bb4 Nxc5
24.Qa3 Qb6 25.Rb1 Ne4 26.dxe4 dxe4 27.Nd2 Rc2 28.Rfc1 Rec8  0-1

[Event "HUN-chT 9798"]
[Site "Hungary"]
[Date "1997.??.??"]
[Round "?"]
[White "Seres, Lajos"]
[Black "Feher, Gyula"]
[Result "1-0"]
[WhiteElo "2470"]
[BlackElo "2380"]

1.Nf3 Nf6 2.c4 c5 3.Nc3 e6 4.g3 b6 5.Bg2 Bb7 6.O-O d6 7.d4 cxd4 8.Qxd4 a6
9.Rd1 Be7 10.Ng5 Bxg2 11.Kxg2 Nc6 12.Qf4 Ne5 13.b3 Qc7 14.Nge4 Nxe4 15.Nxe4 O-O
16.Bb2 Ng6 17.Qe3 Rfd8 18.h4 h6 19.Rac1 Rac8 20.Kg1 Qb7 21.h5 Nf8 22.Nxd6 Rxd6
23.Rxd6 Bxd6 24.Qd4 f6 25.Qxd6 Rc6 26.Qd4 Rc7 27.Qg4 f5 28.Qf3 Qc8 29.Rd1 b5
30.cxb5 axb5 31.Rd2 Qe8 32.a3 Rf7 33.Qf4 Nh7 34.Qd6 Nf8 35.Qe5 Rb7 36.g4 fxg4
37.Rd4 Nd7 38.Qe4 Nc5 39.Qc2 Qxh5 40.b4 g3 41.fxg3 Qh3 42.Rd8+ Kf7 43.Qxc5 Qxg3+
44.Kf1 Kg6 45.Rf8 Rd7 46.Qc2+ Kh5 47.e4 g5 48.Qe2+ Kg6 49.Qf3 Qd6 50.Rg8+ Kh7
51.Rh8+ Kg6 52.Qf6+ Kh5 53.Rxh6+ Kg4 54.Qxe6+  1-0

[Event "HUN-chT 9798"]
[Site "Hungary"]
[Date "1997.??.??"]
[Round "?"]
[White "Kovacs, Laszlo M"]
[Black "Schneider, Attila"]
[Result "1-0"]
[WhiteElo "2365"]
[BlackElo "2400"]

1.Nf3 c5 2.c4 Nf6 3.Nc3 g6 4.d4 Bg7 5.e4 cxd4 6.Nxd4 d6 7.Be2 O-O 8.Qd2 Nc6
9.Nc2 a6 10.O-O Rb8 11.a4 Na5 12.Ra3 Be6 13.b3 Qb6 14.Qe3 Qc7 15.Nd4 Bg4
16.f3 Bd7 17.Bd2 Nc6 18.Nc2 Ne5 19.h3 Bc6 20.a5 e6 21.Nd4 Ned7 22.Rc1 Rfe8
23.b4 Nf8 24.b5 Bd7 25.Nb3 Rec8 26.Na4 Be8 27.Nb6 Rd8 28.Qf2 N6d7 29.Be3 Bb2
30.Raa1 Bxa1 31.Rxa1 axb5 32.cxb5 Qc3 33.Rb1 Qc2 34.Qe1 Nxb6 35.Bxb6 Rdc8
36.Nd4 Qc3 37.Qxc3 Rxc3 38.Ba7 Ra8 39.b6 Ra3 40.a6 Nd7 41.axb7 Rd8 42.Nc6  1-0

[Event "HUN-chT 9798"]
[Site "Hungary"]
[Date "1997.??.??"]
[Round "?"]
[White "Forintos, Gyozo V"]
[Black "Kustar, Sandor"]
[Result "1/2-1/2"]
[WhiteElo "2400"]
[BlackElo "2380"]

1.Nf3 c5 2.c4 Nf6 3.Nc3 b6 4.d4 cxd4 5.Nxd4 Bb7 6.f3 e6 7.e4 d6 8.Be2 Nbd7
9.Be3 Be7 10.O-O O-O 11.Ndb5 Qb8 12.Qd2 a6 13.Na3 Rd8 14.Rfd1 d5 15.exd5 exd5
16.Nxd5 Nxd5 17.cxd5 Nc5 18.Bf4 Bd6 19.Bxd6 Rxd6 20.Nc4 Rxd5 21.Qb4 Nd7 22.Nd6 b5
23.a4 Re5 24.Bf1 Bc6 25.Rac1 Qb6+ 26.Kh1 Rf8 27.a5 Qc7 28.Qd4 Rh5 29.Be2 Nb8
30.f4 Rh6 31.Nf5 Rf6 32.Bg4 h5 33.Bh3 Re8 34.Rc3 h4 35.Qf2 b4 36.Rcc1 Qxa5
37.Nd4 Bb7 38.Qxh4 Re4 39.Re1 Rfxf4 40.Rxe4 Rxe4 41.Qg3 Rxd4 42.Qxb8+ Qd8
43.Qxd8+ Rxd8 44.Kg1 Rd2 45.Rc7 Be4 46.Rc4 f5 47.Rxb4 g5 48.g3 Rd1+ 49.Kf2 Kg7
50.Bf1 a5 51.Ra4 Rd2+ 52.Kg1 Kf6 53.Rxa5 Rxb2 54.Ra6+ Kg7 55.Ra4 Kf6  1/2-1/2

[Event "ISL-chT"]
[Site "Iceland"]
[Date "1997.??.??"]
[Round "?"]
[White "Stefansson, Hannes"]
[Black "Hjartarson, Johann"]
[Result "1/2-1/2"]
[WhiteElo "2555"]
[BlackElo "2585"]

1.Nf3 Nf6 2.c4 e6 3.Nc3 c5 4.g3 b6 5.Bg2 Bb7 6.O-O a6 7.Re1 d6 8.e4 Nbd7
9.b3 Be7 10.d4 cxd4 11.Nxd4 Qc7 12.Bb2 O-O 13.Rc1 Rac8 14.h3 Rfe8 15.Kh2 Qb8
16.f4 Bf8 17.Nc2 g6 18.Qe2 h5 19.Rcd1 Rcd8 20.Qf2 Bg7 21.Nb4 Nc5 22.Nd3 Nfd7
23.Nxc5 Nxc5 24.Rd2 Bc6 25.Red1 Qc7 26.Qe3 Rd7 27.b4 Na4 28.b5 axb5 29.cxb5 Nxb2
30.bxc6 Qxc6 31.Rxb2 Qxc3 32.Qxc3 Bxc3 33.Rxb6 Ra8 34.Rbxd6  1/2-1/2

[Event "ISL-chT"]
[Site "Iceland"]
[Date "1997.??.??"]
[Round "?"]
[White "Stefansson, Hannes"]
[Black "Karason, Askell O"]
[Result "1-0"]
[WhiteElo "2555"]
[BlackElo "2245"]

1.Nf3 c5 2.c4 Nf6 3.Nc3 b6 4.g3 Bb7 5.Bg2 g6 6.O-O Bg7 7.d4 cxd4 8.Qxd4 O-O
9.Qh4 d6 10.Bh6 Nbd7 11.Rfd1 Rc8 12.Bxg7 Kxg7 13.b3 a6 14.Rac1 Rc5 15.Ne1 Bxg2
16.Kxg2 b5 17.Nd3 Qa8+ 18.f3 Rh5 19.Qd4 bxc4 20.Qxc4 Ne5 21.Nxe5 Rxe5 22.b4 Rc8
23.Qd4 Rc7 24.e4 Qc8 25.Ne2 Rc2 26.Rxc2 Qxc2 27.Rd2 Qc6 28.Nc3 g5 29.Re2 g4
30.f4 Rh5 31.Qd3 e5 32.Rf2 Qb6 33.Qd2 Qb7 34.Qe3 Qxb4 35.fxe5 Nd7 36.Nd5 Qc5
37.Qf4 Nxe5 38.Qf6+ Kg8 39.Qd8+ Kg7 40.Qf6+ Kg8 41.Qf4 Kg7 42.Nf6 Rh6 43.Nxg4 Rg6
44.Nxe5 dxe5 45.Qxf7+ Kh6 46.Kh3 Qb4 47.Rf5  1-0

[Event "Kastel Stari op"]
[Site "Kastel Stari"]
[Date "1997.??.??"]
[Round "7"]
[White "Petek Medic, Mirjana"]
[Black "Rogic, Davor"]
[Result "1/2-1/2"]
[WhiteElo "2250"]
[BlackElo "2455"]

1.Nf3 c5 2.c4 Nf6 3.Nc3 e6 4.g3 Be7 5.Bg2 a6 6.d4 cxd4 7.Nxd4 Qc7 8.Qd3 d6
9.O-O Bd7 10.b3 Nc6 11.Nc2 Rc8 12.Bb2 Ne5 13.Qd2 Bc6 14.e4 O-O 15.f4 Ng6
16.Rac1 b5 17.cxb5 axb5 18.Nd4 Qb6 19.Kh1 Bd7 20.a4 bxa4 21.Nxa4 Qa7 22.Nc3 Rb8
23.Nce2 Rfe8 24.f5 Ne5 25.Nf4 Bf8 26.Nd3 Nxd3 27.Qxd3 Qb6 28.fxe6 fxe6 29.Rf3 Ng4
30.Qf1 Ne5 31.Rf2 Be7 32.Qe2 Ra8 33.Ra1 Rxa1+ 34.Bxa1 Bf6 35.Qd1 Ra8 36.Bb2 Ra2
37.Rd2 Nd3 38.Rxd3 Rxb2 39.Nf3 Ra2 40.Qe1 Ra1 41.Rd1 Bc3 42.Qg1 Qxg1+ 43.Rxg1 Ra3
44.Rd1 Kf8 45.Rxd6 Ra1+ 46.Ng1 Ke7 47.Rd3 Ba5 48.Bf3 Bc6 49.Rd1 Rxd1 50.Bxd1 Bxe4+
51.Nf3 Bd5 52.Kg2 e5 53.Kf2 Kf6 54.Ke2 e4 55.Nd2 Bb4 56.Nc4 Bc5 57.Kd2 Be6
58.Bc2 Bg1 59.Bxe4 Bxh2 60.Bxh7 g6 61.Ne5 g5 62.Nf3 Bxg3 63.Nxg5  1/2-1/2

[Event "Kiev"]
[Site "Kiev"]
[Date "1997.??.??"]
[Round "11"]
[White "Krivoshey, Sergei"]
[Black "Rakhmangulov, Andrei"]
[Result "1/2-1/2"]
[WhiteElo "2425"]
[BlackElo "2420"]

1.Nf3 Nf6 2.c4 c5 3.Nc3 d5 4.cxd5 Nxd5 5.d4 cxd4 6.Qxd4 Nxc3 7.Qxc3 Nc6 8.e4 e6
9.Bb5 Bd7 10.O-O Qb6 11.a4 Qc5 12.Bd2 Qxc3 13.Bxc3 a6 14.Bc4 Rg8 15.Rfd1 Bb4
16.Bxb4 Nxb4 17.Ne5 Rd8 18.f3 Ke7 19.Bb3 Bc6 20.Kf2 f6 21.Nxc6+ Nxc6 22.Ke3 Na5
23.Ba2 Rxd1 24.Rxd1 Rc8 25.Kd2 Rc6 26.Rb1 Rd6+ 27.Kc3 Nc6 28.Bc4 Ne5 29.Be2 Rc6+
30.Kd2 Kd6 31.b4 Nc4+ 32.Bxc4 Rxc4 33.Kd3 b5 34.axb5 axb5 35.f4 g5 36.g3 gxf4
37.gxf4 f5 38.exf5 exf5 39.Ra1 Rxf4 40.Ra6+ Kd5 41.Rh6 Rd4+ 42.Ke3 Re4+ 43.Kd3 Rxb4
44.Rxh7 Rb3+ 45.Kc2 Rf3 46.h4 Rh3 47.h5 Ke6 48.Kd2 Kf6 49.Rb7 Kg5 50.Rxb5 Kg4
51.Ke2 f4 52.Kf2 Ra3 53.Rb2 Rh3 54.Rb8 Rh2+ 55.Kg1 Rxh5 56.Kg2  1/2-1/2

[Event "Klatovy op-A"]
[Site "Klatovy"]
[Date "1997.??.??"]
[Round "?"]
[White "Kovar, Petr"]
[Black "Slajs, Vlastimil"]
[Result "1/2-1/2"]
[WhiteElo "1930"]
[BlackElo "2165"]

1.c4 Nf6 2.Nc3 e6 3.Nf3 c5 4.g3 Nc6 5.Bg2 Be7 6.O-O O-O 7.d4 d5 8.cxd5 Nxd5
9.Nxd5 exd5 10.dxc5 Bxc5 11.e3 Bg4 12.Qb3 Qd7 13.Bd2 d4 14.exd4 Bxf3 15.Qxf3 Nxd4
16.Qh5 Rac8 17.Bc3 g6 18.Qd1 Rfd8 19.Rc1 Qb5 20.Bxd4 Rxd4 21.Qxd4 Bxd4 22.Rxc8+ Kg7
23.Rc2 a5 24.Rd1 Bc5 25.b3 b6 26.Bf1 Qb4 27.Bc4 a4 28.bxa4 Qxa4 29.Bb3 Qg4
30.Rcd2 Qf5 31.Rc1 h5 32.Rc4 g5 33.Rcc2 h4 34.Rd5 Qf6 35.Kg2 g4 36.gxh4 Qxh4
37.Rf5 f6 38.Rd5 Qh3+ 39.Kg1 g3 40.hxg3 Qxg3+ 41.Kf1  1/2-1/2

[Event "Klatovy op-B"]
[Site "Klatovy"]
[Date "1997.??.??"]
[Round "?"]
[White "Bayer, V."]
[Black "Stejskal, Pavel"]
[Result "1-0"]
[WhiteElo "1750"]
[BlackElo "1875"]

1.Nf3 Nf6 2.c4 c5 3.Nc3 d5 4.cxd5 Nxd5 5.g3 Nc6 6.Bg2 g6 7.O-O Bg7 8.e3 O-O
9.Nxd5 Qxd5 10.Nd4 Qd7 11.Nxc6 bxc6 12.Qc2 Qd6 13.Rd1 Ba6 14.d4 Rfd8 15.Rb1 cxd4
16.exd4 Rac8 17.Be3 Qc7 18.Rbc1 Bb7 19.d5 Qa5 20.b4 Qa6 21.dxc6 Rxd1+ 22.Rxd1  1-0

[Event "Krasnodar op"]
[Site "Krasnodar"]
[Date "1997.??.??"]
[Round "?"]
[White "Tregubov, Pavel V"]
[Black "Popov, Valerij"]
[Result "1/2-1/2"]
[WhiteElo "2525"]
[BlackElo "2430"]

1.Nf3 Nf6 2.c4 c5 3.Nc3 e6 4.g3 b6 5.Bg2 Bb7 6.O-O Be7 7.Re1 Ne4 8.Nxe4 Bxe4
9.d3 Bb7 10.e4 Nc6 11.d4 cxd4 12.Nxd4 O-O 13.Nb5 d6 14.Be3 a6 15.Nc3 Rb8
16.Rc1 Ne5 17.b3 Qc7 18.Qe2 Rfe8 19.Red1 Nd7 20.f4 Ba8 21.g4 h6 22.Rf1 Qd8
23.Rfd1 Qc7 24.Bf3 Bf6 25.Qg2 Rbd8 26.Ne2 Nc5 27.Ng3 Bh4 28.b4 Nd7 29.Nh5 g6
30.Ng3 Nf6 31.Ne2 g5 32.fxg5  1/2-1/2

[Event "Krasnodar op"]
[Site "Krasnodar"]
[Date "1997.??.??"]
[Round "?"]
[White "Vakhidov, Tahir"]
[Black "Obukhov, Alexander"]
[Result "1/2-1/2"]
[WhiteElo "2470"]
[BlackElo "2415"]

1.c4 Nf6 2.Nc3 c5 3.Nf3 e6 4.d4 cxd4 5.Nxd4 Bb4 6.g3 O-O 7.Bg2 Nc6 8.O-O Qe7
9.Nc2 Bxc3 10.bxc3 Rd8 11.Ba3 d6 12.Qd2 Qc7 13.Rfd1 Ne8 14.Nd4 Ne5 15.Nb5 Qxc4
16.Nxd6 Qa6 17.Qf4 f6 18.Nxe8 Rxe8 19.Bd6 Nc6 20.Qe4  1/2-1/2

[Event "La Pobla de Lillet op"]
[Site "La Pobla de Lillet"]
[Date "1997.??.??"]
[Round "5"]
[White "Marin Ionescu, Luiza"]
[Black "Spassov, Liuben"]
[Result "1/2-1/2"]
[WhiteElo "2220"]
[BlackElo "2425"]

1.Nf3 c5 2.c4 Nf6 3.Nc3 d5 4.cxd5 Nxd5 5.d4 cxd4 6.Qxd4 Nxc3 7.Qxc3 Nc6 8.e4 e6
9.Bb5 Bd7 10.O-O Qb6 11.a4 Qc5 12.Bd2 Qxc3 13.Bxc3 a6 14.Be2 Rg8 15.Rfc1 Bd6
16.Nd2 Ne5 17.b4 g5 18.Nc4 Nxc4 19.Bxc4 Rc8 20.Bd3 Bf4 21.Rc2 Ke7 22.b5 Rxc3
23.Rxc3 Be5 24.Rac1 Bxc3 25.Rxc3 axb5 26.Bxb5 Rc8 27.Rxc8 Bxc8 28.e5 Bd7
29.Kf1 Bxb5+ 30.axb5 f6 31.exf6+ Kxf6 32.Ke2 Ke5 33.Kf3 h5 34.g4 h4 35.Ke3 h3
36.b6 Kd5 37.f4 gxf4+ 38.Kxf4 Kd4 39.g5 e5+ 40.Kg4 e4 41.g6 e3 42.g7 e2 43.g8=Q e1=Q
44.Qd8+ Kc5 45.Qc7+ Kb5 46.Kxh3 Qe6+ 47.Kg3 Qg6+ 48.Kf4 Qh6+ 49.Kf5 Qh5+
50.Ke6 Qh6+ 51.Kd7 Qh3+ 52.Kd8 Qh8+ 53.Kd7  1/2-1/2

[Event "IBM op"]
[Site "La Reunion"]
[Date "1997.??.??"]
[Round "9"]
[White "Oms Pallise, Josep"]
[Black "Minnebo, Alain"]
[Result "1-0"]
[WhiteElo "2450"]
[BlackElo "2280"]

1.Nf3 c5 2.c4 Nf6 3.Nc3 b6 4.g3 Bb7 5.Bg2 e6 6.O-O d6 7.Re1 Nbd7 8.e4 Be7
9.d4 cxd4 10.Nxd4 Qb8 11.f4 h5 12.h3 a6 13.Nd5 Bd8 14.e5 dxe5 15.fxe5 Ng8
16.Bf4 g5 17.Nxe6 fxe6 18.Nf6+ Ndxf6 19.exf6 gxf4 20.f7+ Ke7 21.Rxe6+ Kxe6
22.Bd5+  1-0

[Event "Laukaa We LaukSK"]
[Site "Laukaa"]
[Date "1997.??.??"]
[Round "4"]
[White "Keskisarja, Teemu"]
[Black "Tolonen, Leo Toivovich"]
[Result "1/2-1/2"]
[WhiteElo "2315"]
[BlackElo "2330"]

1.Nf3 Nf6 2.c4 e6 3.Nc3 c5 4.g3 b6 5.Bg2 Bb7 6.O-O Be7 7.Re1 O-O 8.e4 Nc6
9.e5 Ne8 10.d4 Nxd4 11.Nxd4 Bxg2 12.Kxg2 cxd4 13.Qxd4 d6 14.Bf4 dxe5 15.Qxe5 Bf6
16.Qe3 Qc8 17.b3 Qc6+ 18.Kg1 Rc8 19.Rac1 Bxc3 20.Qxc3 f6 21.Qd3 e5 22.Be3 Nc7
23.Rcd1 Ne6 24.Qd5 Rfd8 25.Qxc6 Rxc6 26.Rxd8+ Nxd8 27.Rd1 Ne6 28.Rd7 Rc7
29.Rxc7 Nxc7 30.Kf1 Kf7 31.Ke2 Ke6 32.Kd3 Kd6 33.b4 f5 34.a4 Ne6 35.f3 h5
36.h4 g6 37.Bd2 Nd4 38.f4 Ne6 39.fxe5+ Kxe5 40.Be3 Kd6 41.Bf4+ Kc6 42.Bd2  1/2-1/2

[Event "Leeuwarden op"]
[Site "Leeuwarden"]
[Date "1997.??.??"]
[Round "4"]
[White "Reinderman, Dimitri"]
[Black "Wiersma, Eelke"]
[Result "1-0"]
[WhiteElo "2475"]
[BlackElo "2300"]

1.c4 Nf6 2.Nc3 c5 3.Nf3 d5 4.cxd5 Nxd5 5.d4 Nxc3 6.bxc3 g6 7.e3 Bg7 8.Bd3 O-O
9.O-O Qc7 10.Rb1 Nd7 11.e4 b6 12.e5 Bb7 13.Ng5 Rad8 14.e6 Nf6 15.exf7+ Kh8
16.Qe2 Qc6 17.f3 Nd5 18.Bd2 cxd4 19.cxd4 Bxd4+ 20.Kh1 e5 21.Qe1 Qf6 22.Qh4 h5
23.g4 Ne3 24.gxh5 Kg7 25.Bb4 Nxf1 26.Bxf8+ Rxf8 27.Rxf1 Be3 28.hxg6 Qxg5
29.Qh7+ Kf6 30.Be4 Bc8 31.Rd1 Be6 32.f4 exf4 33.a4 f3 34.Bxf3 Qh6 35.Qxh6 Bxh6
36.Be4 Rc8 37.Kg2 Kg7 38.Rd6 Bc4 39.h4 Be3 40.h5 Bh6 41.Rd7 a6 42.Rb7 b5
43.a5 Bd2 44.Rd7 Bh6 45.Bb7 Rc5 46.Rd8 Bxf7 47.Rd7 Rg5+ 48.Kf3 Rxh5 49.Be4 Bd2
50.Rxf7+ Kh8 51.Kg4 Rh6 52.g7+ Kg8 53.Rd7  1-0

[Event "NLD-chJ"]
[Site "Leiden"]
[Date "1997.??.??"]
[Round "5"]
[White "Janssen, Ruud"]
[Black "Kuipers, Eelco"]
[Result "1/2-1/2"]
[WhiteElo "2350"]
[BlackElo "2195"]

1.c4 Nf6 2.Nc3 c5 3.Nf3 e6 4.g3 b6 5.Bg2 Bb7 6.O-O Be7 7.d4 cxd4 8.Qxd4 d6
9.b3 a6 10.Ba3 Nc6 11.Qd2 Qc7 12.Rfc1 Na7 13.Rd1 Rd8 14.Rac1 O-O 15.Qd3 Rd7
16.Bb2 Qb8 17.Ng5 Bxg2 18.Kxg2 h6 19.Nge4 Qb7 20.f3 Rfd8 21.Rc2  1/2-1/2

[Event "NLD-chJ"]
[Site "Leiden"]
[Date "1997.??.??"]
[Round "9"]
[White "Dambacher, Martyn"]
[Black "Van der Erf, Remco"]
[Result "0-1"]
[WhiteElo "2115"]
[BlackElo "2150"]

1.c4 c5 2.Nf3 Nf6 3.Nc3 b6 4.e3 g6 5.Be2 Bg7 6.O-O O-O 7.a3 d5 8.cxd5 Nxd5
9.d4 cxd4 10.Nxd5 Qxd5 11.Nxd4 Bb7 12.Bf3 Qd7 13.b4 Nc6 14.Bb2 Nxd4 15.Bxd4 Bxf3
16.Qxf3 Bxd4 17.Rad1 e5 18.exd4 exd4 19.Rd3 Rfd8 20.Rfd1 Rac8 21.h3 Rc4 22.Qe4 Qd5
23.Qh4 Kg7 24.Kh1 Rd6 25.Qf4 a5 26.bxa5 bxa5 27.Kg1 h6 28.h4 Rf6 29.Qg4 Rc2
30.f3 Qa2 31.Kh1 Re2 32.f4 h5 33.Qf3 Rf2 34.Qd5 Qxd5  0-1

[Event "Leon op"]
[Site "Leon"]
[Date "1997.??.??"]
[Round "8"]
[White "Gomez Esteban, Juan Mario"]
[Black "Damljanovic, Branko"]
[Result "1/2-1/2"]
[WhiteElo "2490"]
[BlackElo "2540"]

1.Nf3 Nf6 2.c4 c5 3.Nc3 b6 4.e3 g6 5.d4 Bg7 6.d5 O-O 7.Bd3 e6 8.O-O exd5
9.cxd5 d6 10.h3 Ba6 11.e4 Re8 12.Re1 b5 13.a3 b4 14.axb4 cxb4 15.Na4 Qc8
16.Bf4 Bxd3 17.Qxd3 Qa6 18.Qc2 Rc8 19.Qb3 Nbd7 20.Qxb4 Rc4 21.Qxd6 Qxd6 22.Bxd6 Nxe4
23.Be7 f5 24.Ng5 Re8 25.Nxe4 Rxe7 26.Nec3 Rxe1+ 27.Rxe1 Be5 28.Kf1 Kf7 29.Ke2 Rb4
30.Kd3 Ke7 31.g3 g5 32.Kc2 Kd6 33.b3 Nf6 34.Rd1 a5 35.Rd3 h5 36.Rf3 f4 37.gxf4 Rxf4
38.Rxf4 Bxf4 39.Nb6 Kc5 40.Nc4 Nxd5 41.Nxd5 Kxd5 42.Kd3 Bc7 43.f3 Kc5 44.h4 gxh4
45.Ke2  1/2-1/2

[Event "Anibal op 4th"]
[Site "Linares"]
[Date "1997.??.??"]
[Round "3"]
[White "Ibragimov, Ildar"]
[Black "Gamundi, Antonio"]
[Result "1-0"]
[WhiteElo "2555"]
[BlackElo "2440"]

1.c4 Nf6 2.Nc3 c5 3.Nf3 e6 4.e3 d5 5.d4 cxd4 6.exd4 Bb4 7.Bd3 dxc4 8.Bxc4 O-O
9.O-O b6 10.Bg5 Bb7 11.Rc1 Be7 12.Qe2 Nc6 13.Rfd1 Nb4 14.Ne5 Nbd5 15.Ba6 Bxa6
16.Qxa6 Qc8 17.Qa4 Qb7 18.Nc6 Bd6 19.Bxf6 Nxf6 20.d5 Qd7 21.dxe6 Qxe6 22.Nb5 Bb8
23.Re1 Qd7 24.Ne7+ Kh8 25.Rcd1 Qb7 26.Qh4 a6 27.Nd4 b5 28.Ndf5 Qb6 29.Rd3 Ba7
30.Rd6 Qa5 31.Red1 Rfd8 32.Qg5 Ne8 33.Rxd8 Rxd8 34.Ng6+ hxg6 35.Qxd8  1-0